Football (Soccer) Player's first names from the EPL - Statistics

General Stats
  • This quiz has been taken 13,924 times
  • The average score is 14 of 25
Answer Stats
Second Name Team First Name % Correct
Gerrard Liverpool Steven
99%
Sterling Liverpool Raheem
93%
Cech Chelsea Petr
91%
Cazorla Arsenal Santiago
86%
Lukaku West Brom Romelu
84%
Azpilicueta Chelsea Cesar
78%
Benteke Aston Villa Christian
70%
Mertesacker Arsenal Per
70%
Zabaleta Manchester City Pablo
68%
Kagawa Manchester United Shinji
67%
Berbatov Fulham Dimitar
66%
Ben Arfa Newcastle Hatem
65%
Remy QPR Loic
59%
Coleman Everton Seamus
55%
Taarabt QPR Adel
53%
Cattermole Sunderland Lee
48%
Snodgrass Norwich Robert
48%
Ramirez Southampton Gaston
38%
Le Fondre Reading Adam
33%
Assou-Ekotto Tottenham Benoît
30%
Vas Tê West Ham Ricardo
28%
Kone Wigan Arouna
26%
Coloccini Newcastle Fabricio
26%
Marveaux Newcastle Sylvain
14%
Vellios Everton Apostolos
10%
No matching quizzes found
Score Distribution
Percent of People with Each Score
Percentile by Number Answered
Your Score History
You have not taken this quiz